Maze runner. The Scorch trials /
Thomas and his fellow Gladers face their greatest challenge yet: searching for clues about the mysterious and powerful organization known as WCKD. Their journey takes them to the Scorch, a desolate landscape filled with unimaginable obstacles. Teaming up with resistance fighters, the Gladers take on...
| Uniform Title: | Maze runner: the Scorch trials (Motion picture) |
|---|---|
| Other Authors: | , , , , , , |
| Format: | Video Blu-ray Disc |
| Language: | English French Spanish |
| Language Notes: | In English, Spanish, or French; Spanish or French subtitles; English subtitles for the deaf and hard-of-hearing (SDH); English descriptive audio track for people with visual disabilities. |
| Published: |
Los Angeles, CA :
20th Century Fox Home Entertainment,
[2015]
|
| Edition: | Blu-ray. |
| Subjects: |
MARC
| Tag | First Indicator | Second Indicator | Subfields |
|---|---|---|---|
| LEADER | 00000cgm a2200000Ii 4500 | ||
| 001 | in00003603606 | ||
| 005 | 20170928110330.0 | ||
| 007 | vd csaizk | ||
| 008 | 151201s2015 cau129 vleng d | ||
| 024 | 1 | |a 024543119524 | |
| 035 | |a (OCoLC)ocn930722966 | ||
| 035 | |a (OCoLC)930722966 | ||
| 040 | |a JCH |b eng |e rda |c JCH |d TEF |d TYV |d JP3 |d TXA |d UtOrBLW | ||
| 041 | 1 | |a eng |a fre |a spa |j eng |j fre |j spa |h eng | |
| 049 | |a TXAM | ||
| 050 | 4 | |a PN1997.2 |b .M39 2015 | |
| 082 | 0 | 4 | |a 791.43/75 |2 23 |
| 090 | |a PN1997.2 |b .M3952 2015b | ||
| 130 | 0 | |a Maze runner: the Scorch trials (Motion picture) |0 http://id.loc.gov/authorities/names/no2015092608 | |
| 245 | 1 | 0 | |a Maze runner. |p The Scorch trials / |c Twentieth Century Fox presents a Temple Hill / Gotham Group production ; produced by Ellen Goldsmith-Vein [and 4 others] ; screenplay by T.S. Nowlin ; directed by Wes Ball. |
| 246 | 3 | 0 | |a Scorch trials |
| 246 | 3 | |a Maze runner 2 | |
| 246 | 3 | |a Maze runner two | |
| 250 | |a Blu-ray. | ||
| 264 | 1 | |a Los Angeles, CA : |b 20th Century Fox Home Entertainment, |c [2015] | |
| 300 | |a 1 videodisc (129 min.) : |b sound, color ; |c 4 3/4 in. + |e 1 booklet. | ||
| 336 | |a two-dimensional moving image |b tdi |2 rdacontent | ||
| 337 | |a video |b v |2 rdamedia | ||
| 338 | |a videodisc |b vd |2 rdacarrier | ||
| 344 | |a digital |b optical |g surround |h Dolby Digital 5.1 (English) |h Descriptive audio 5.1 (English) |h Dolby Digital 2.0 (Spanish, French) |2 rda | ||
| 347 | |a video file |b Blu-ray video |e region A |2 rda | ||
| 380 | |a Motion picture. | ||
| 538 | |a Blu-ray, widescreen (2.40:1) presentation; described video; English DTS-HD master audio 7.1; English descriptive audio 5.1; Surround Dolby Digital 2.0 (Spanish, French) ; Requires Blu-ray player. | ||
| 546 | |a In English, Spanish, or French; Spanish or French subtitles; English subtitles for the deaf and hard-of-hearing (SDH); English descriptive audio track for people with visual disabilities. | ||
| 500 | |a Title from disc surface. | ||
| 511 | 1 | |a Dylan O'Brien, Ki Hong Lee, Kaya Scodelario, Thomas Brodie-Sangster, Dexter Darden, Alexander Flores, Patricia Clarkson, Giancarlo Esposito, Barry Pepper. | |
| 508 | |a Music, John Paesano ; film editor, Dan Zimmerman ; director of photography, Gyula Pados. | ||
| 500 | |a Originally released as a motion picture in 2015. | ||
| 500 | |a Based upon the novel "The Scorch Trials" by James Dashner. | ||
| 500 | |a Widescreen (2.40:1) | ||
| 521 | 8 | |a Rating: PG-13; for extended sequences of violence and action, some thematic elements, substance use and language. | |
| 520 | |a Thomas and his fellow Gladers face their greatest challenge yet: searching for clues about the mysterious and powerful organization known as WCKD. Their journey takes them to the Scorch, a desolate landscape filled with unimaginable obstacles. Teaming up with resistance fighters, the Gladers take on WCKD's vastly superior forces and uncover its shocking plans for them all. | ||
| 500 | |a Bonus features: Deleted and extended scenes with optional commentary; Gag reel; Concept art and storyboard galleries. | ||
| 650 | 0 | |a Survival |v Drama. | |
| 650 | 0 | |a Infection |v Drama. | |
| 650 | 0 | |a Epidemics |v Drama. | |
| 655 | 7 | |a Action and adventure films. |2 lcgft |0 http://id.loc.gov/authorities/genreForms/gf2011026005 | |
| 655 | 7 | |a Science fiction films. |2 lcgft |0 http://id.loc.gov/authorities/genreForms/gf2011026556 | |
| 655 | 7 | |a Film adaptations. |2 lcgft |0 http://id.loc.gov/authorities/genreForms/gf2011026254 | |
| 655 | 7 | |a Feature films. |2 lcgft |0 http://id.loc.gov/authorities/genreForms/gf2011026247 | |
| 655 | 7 | |a Fiction films. |2 lcgft |0 http://id.loc.gov/authorities/genreForms/gf2011026250 | |
| 655 | 7 | |a Video recordings for the hearing impaired. |2 lcgft |0 http://id.loc.gov/authorities/genreForms/gf2011026725 | |
| 655 | 7 | |a Video recordings for people with visual disabilities. |2 lcgft |0 http://id.loc.gov/authorities/genreForms/gf2011026724 | |
| 700 | 1 | |a Nowlin, T. S. |q (Thomas Scott), |e screenwriter. |0 http://id.loc.gov/authorities/names/no2014168831 | |
| 700 | 1 | |a Ball, Wes, |e film director. |0 http://id.loc.gov/authorities/names/no2014165988 | |
| 700 | 1 | |a Goldsmith-Vein, Ellen, |e film producer. |0 http://id.loc.gov/authorities/names/no2010135771 | |
| 700 | 1 | |a O'Brien, Dylan, |d 1991- |e actor. |0 http://id.loc.gov/authorities/names/no2012063153 | |
| 700 | 1 | |a Lee, Ki Hong, |d 1986- |e actor. |0 http://id.loc.gov/authorities/names/no2015151428 | |
| 700 | 1 | |a Scodelario, Kaya, |d 1992- |e actor. |0 http://id.loc.gov/authorities/names/no2010015529 | |
| 700 | 1 | |a Sangster, Thomas, |d 1990- |e actor. |0 http://id.loc.gov/authorities/names/no2006065172 | |
| 700 | 1 | |a Darden, Dexter, |e actor. | |
| 700 | 1 | |i Motion picture adaptation of (work): |a Dashner, James, |d 1972- |t Scorch trials. | |
| 710 | 2 | |a Twentieth Century-Fox Film Corporation, |e production company. |0 http://id.loc.gov/authorities/names/n78089065 | |
| 710 | 2 | |a Twentieth Century Fox Home Entertainment, Inc., |e film distributor. |0 http://id.loc.gov/authorities/names/no96013286 | |
| 710 | 2 | |a Temple Hill Entertainment (Firm), |e production company. |0 http://id.loc.gov/authorities/names/no2009061504 | |
| 710 | 2 | |a Gotham Entertainment Group, |e production company. |0 http://id.loc.gov/authorities/names/no2012025822 | |
| 994 | |a C0 |b TXA | ||
| 948 | |a cataloged |b h |c 2015/12/23 |d c |e blrosas |f 9:26:36 am | ||
| 999 | f | f | |s 4c737fb6-496d-3f79-b086-a44d8f09099d |i e60260e5-5760-3f41-ba4c-317bd6ec79b2 |t 0 |
| 952 | f | f | |p bluray |a Texas A&M University |b College Station |c Sterling C. Evans Library |s Evans Media and Reserves |d Evans: Media and Reserves (Annex 1st floor) |t 0 |e PN1997.2 .M3952 2015b |h Library of Congress classification |i video -- videodisc |m A14843297954 |
| 998 | f | f | |a PN1997.2 .M3952 2015b |t 0 |l Evans: Media and Reserves (Annex 1st floor) |